[Event "Biel (ACCENTUS Rapid)"]
[Site "Biel SUI"]
[Date "2017.07.23"]
[EventDate "2017.07.23"]
[Round "1.1"]
[Result "1-0"]
[White "Pentala Harikrishna"]
[Black "Vlastimil Hort"]
[WhiteElo "2737"]
[BlackElo "2428"]
[PlyCount "89"]

1. e4 e6 2. d4 d5 3. Nd2 dxe4 4. Nxe4 Nd7 5. g3 Ngf6 6. Nxf6+
Nxf6 7. Bg2 c5 8. Ne2 Be7 9. O-O O-O 10. c3 h6 11. Qb3 Qb6
12. Rd1 Rd8 13. Be3 Qa6 14. c4 Ng4 15. dxc5 Nxe3 16. Rxd8+
Bxd8 17. Qxe3 Bf6 18. Qb3 Qa5 19. c6 Rb8 20. Nc3 a6 21. cxb7
Bxb7 22. Bxb7 Qc7 23. Ne4 Be5 24. Rb1 Rxb7 25. Qc2 f5 26. Nd2
Qa5 27. Nf3 Bf6 28. b3 Kf7 29. Rd1 Qc5 30. Qd3 a5 31. Qe2 a4
32. Rd3 axb3 33. axb3 Re7 34. Qd1 Qb4 35. Rd7 g5 36. Rxe7+
Kxe7 37. h3 h5 38. Ne1 g4 39. Nd3 Qc3 40. Nf4 Bd4 41. Kg2 Qb2
42. Qe1 e5 43. hxg4 hxg4 44. Qb4+ Kf6 45. Qf8+ 1-0

[Event "Biel (ACCENTUS Rapid)"]
[Site "Biel SUI"]
[Date "2017.07.23"]
[EventDate "2017.07.23"]
[Round "1.2"]
[Result "1/2-1/2"]
[White "Vlastimil Hort"]
[Black "Pentala Harikrishna"]
[WhiteElo "2428"]
[BlackElo "2737"]
[PlyCount "85"]

1. d4 Nf6 2. Bf4 d5 3. e3 c5 4. Nc3 cxd4 5. exd4 a6 6. a3 Nc6
7. h3 Bf5 8. Nf3 e6 9. Bd3 Be4 10. Ne2 Bxf3 11. gxf3 Nh5
12. Be3 Bd6 13. Qd2 Qc7 14. O-O-O Na5 15. Kb1 Nc4 16. Bxc4
Qxc4 17. Nf4 Nxf4 18. Bxf4 Qc7 19. Bxd6 Qxd6 20. Qg5 g6
21. Qf6 Rg8 22. Rd3 Rc8 23. Re1 Qe7 24. Qf4 g5 25. Qg4 Qf6
26. f4 Kf8 27. f5 Qxf5 28. Qxf5 exf5 29. Re5 f4 30. Rxd5 Rg6
31. a4 h6 32. Rb3 b6 33. Rd7 Re6 34. f3 Rc4 35. Kc1 Re2
36. Rxb6 Rexc2+ 37. Kb1 Rc1+ 38. Ka2 Rxa4+ 39. Kb3 Ra5 40. Rf6
Rb5+ 41. Ka2 Ra5+ 42. Kb3 Rb5+ 43. Ka2 1/2-1/2

[Event "Biel (ACCENTUS Rapid)"]
[Site "Biel SUI"]
[Date "2017.07.23"]
[EventDate "2017.07.23"]
[Round "2.1"]
[Result "1-0"]
[White "Pentala Harikrishna"]
[Black "Yannick Pelletier"]
[WhiteElo "2737"]
[BlackElo "2529"]
[PlyCount "111"]

1. e4 e6 2. d4 d5 3. Nd2 c5 4. Ngf3 Nf6 5. exd5 exd5 6. Bb5+
Bd7 7. Bxd7+ Nbxd7 8. O-O Be7 9. dxc5 Nxc5 10. Nb3 Nce4
11. Nfd4 Qd7 12. Qf3 O-O 13. Nf5 Bd8 14. Be3 a5 15. Nc5 Qc6
16. Nxe4 dxe4 17. Qg3 g6 18. Rad1 Re8 19. Rd6 Qc8 20. Nh6+ Kg7
21. Bd4 Ra6 22. Rxa6 bxa6 23. Ng4 h5 24. Ne3 Qe6 25. Rd1 Be7
26. Bc3 Rd8 27. Rxd8 Bxd8 28. Qb8 Be7 29. Qe5 Qxe5 30. Bxe5
Kf8 31. a4 Nd7 32. Bc7 Bb4 33. Nd5 Ke8 34. c3 Bf8 35. Bxa5 Nc5
36. Bb4 f5 37. Nc7+ Kf7 38. Bxc5 Bxc5 39. Nxa6 Bb6 40. b4 e3
41. fxe3 Bxe3+ 42. Kf1 Ke6 43. Ke2 Bg1 44. h3 g5 45. Nc7+ Kd7
46. Nb5 g4 47. a5 f4 48. hxg4 hxg4 49. Nd4 Be3 50. a6 Kc7
51. Ne6+ Kb6 52. g3 Kxa6 53. Nxf4 Bg1 54. Nd5 Kb5 55. Ne3 Ka4
56. Nxg4 1-0

[Event "Biel (ACCENTUS Rapid)"]
[Site "Biel SUI"]
[Date "2017.07.23"]
[EventDate "2017.07.23"]
[Round "2.2"]
[Result "0-1"]
[White "Yannick Pelletier"]
[Black "Pentala Harikrishna"]
[WhiteElo "2529"]
[BlackElo "2737"]
[PlyCount "70"]

1. Nf3 d5 2. g3 c5 3. Bg2 Nc6 4. d4 e6 5. O-O Nf6 6. b3 cxd4
7. Nxd4 Be7 8. Bb2 O-O 9. Nxc6 bxc6 10. c4 a5 11. Nc3 Ba6
12. Qc2 dxc4 13. Rfd1 cxb3 14. axb3 Qc7 15. Na4 Bb5 16. Bd4
Rad8 17. e3 c5 18. Bc3 Nd5 19. Bxd5 Rxd5 20. Nb2 Rxd1+
21. Qxd1 Ra8 22. Nc4 Bxc4 23. Qg4 Bf8 24. Qxc4 Qb6 25. Qa4 Rb8
26. Be5 Rd8 27. h4 h5 28. Qxa5 Rd1+ 29. Kh2 Qxb3 30. Rxd1 Qxd1
31. Qc7 Qf1 32. Bd6 Qxf2+ 33. Kh3 Qf1+ 34. Kh2 Qe2+ 35. Kh3
Qd1 0-1

[Event "Biel (ACCENTUS Rapid)"]
[Site "Biel SUI"]
[Date "2017.07.23"]
[EventDate "2017.07.23"]
[Round "3.1"]
[Result "1-0"]
[White "David Navara"]
[Black "Pentala Harikrishna"]
[WhiteElo "2737"]
[BlackElo "2737"]
[PlyCount "73"]

1. e4 e5 2. Nf3 Nc6 3. Bb5 a6 4. Ba4 Nf6 5. O-O Be7 6. Re1 b5
7. Bb3 O-O 8. d4 d6 9. c3 Bg4 10. Be3 Bd7 11. Nbd2 Ng4 12. Nf1
Nxe3 13. Nxe3 Bf6 14. Nd5 Rb8 15. h3 g6 16. Nxf6+ Qxf6 17. a4
b4 18. a5 bxc3 19. bxc3 Rfd8 20. Bc4 exd4 21. cxd4 Rb4 22. Qd3
Bc8 23. Qc3 Rb8 24. Bxa6 Bxa6 25. Qxc6 Bb5 26. Qxc7 Rdc8
27. Qa7 Ra8 28. Qb6 Rab8 29. e5 Rxb6 30. exf6 Ra6 31. d5 Rc5
32. Nd4 h5 33. Rab1 Bc4 34. Rb8+ Kh7 35. Ree8 Kh6 36. h4 g5
37. Rg8 1-0

[Event "Biel (ACCENTUS Rapid)"]
[Site "Biel SUI"]
[Date "2017.07.23"]
[EventDate "2017.07.23"]
[Round "3.2"]
[Result "1/2-1/2"]
[White "Pentala Harikrishna"]
[Black "David Navara"]
[WhiteElo "2737"]
[BlackElo "2737"]
[PlyCount "92"]

1. e4 c5 2. Nf3 d6 3. d4 cxd4 4. Nxd4 Nf6 5. Nc3 a6 6. h3 e6
7. g4 h6 8. Bg2 Be7 9. Be3 Nc6 10. f4 Nd7 11. O-O O-O 12. Nf3
b5 13. Ne2 Bb7 14. Ng3 Rc8 15. c3 Na5 16. Bf2 Nc4 17. Qe2 e5
18. f5 d5 19. exd5 Bxd5 20. Rad1 Bxf3 21. Bxf3 Qc7 22. Ne4 Nf6
23. h4 Nxe4 24. Bxe4 Rfd8 25. Kg2 Rxd1 26. Rxd1 Rd8 27. Bd5
Bxh4 28. Bxc4 Rxd1 29. Qxd1 Bxf2 30. Bb3 Bh4 31. Qd5 Qa7
32. Qxe5 Qf2+ 33. Kh3 Bg5 34. Qb8+ Kh7 35. Qg3 Qxg3+ 36. Kxg3
Bc1 37. c4 bxc4 38. Bxc4 Bxb2 39. Bxa6 g6 40. a4 Kg7 41. Bd3
Bc3 42. Kf4 Kf6 43. Ke4 Kg5 44. Be2 h5 45. gxh5 gxh5 46. f6 h4
1/2-1/2

[Event "Biel"]
[Site "Biel SUI"]
[Date "2017.07.24"]
[EventDate "2017.07.23"]
[Round "1"]
[Result "1/2-1/2"]
[White "Rafael Vaganian"]
[Black "Pentala Harikrishna"]
[WhiteElo "2562"]
[BlackElo "2737"]
[PlyCount "41"]

1. d4 e6 2. c4 Nf6 3. Nf3 d5 4. Nc3 Bb4 5. Bg5 dxc4 6. e4 c5
7. Bxc4 cxd4 8. Nxd4 Bxc3+ 9. bxc3 Qa5 10. Bb5+ Nbd7 11. Bxf6
Qxc3+ 12. Kf1 gxf6 13. h4 a6 14. Rh3 Qb4 15. Be2 Ne5 16. a3
Qd6 17. Ra2 Bd7 18. Rd2 Qc7 19. Rc2 Qd6 20. Rd2 Qc7 21. Rc2
1/2-1/2

[Event "Biel"]
[Site "Biel SUI"]
[Date "2017.07.25"]
[EventDate "2017.07.23"]
[Round "2"]
[Result "1/2-1/2"]
[White "Pentala Harikrishna"]
[Black "Nico Georgiadis"]
[WhiteElo "2737"]
[BlackElo "2496"]
[PlyCount "110"]

1. Nf3 Nf6 2. g3 d5 3. Bg2 c5 4. O-O e6 5. b3 Nc6 6. Bb2 Be7
7. d4 cxd4 8. Nxd4 O-O 9. c4 Bd7 10. Nd2 Nxd4 11. Bxd4 Bc6
12. Rc1 Qa5 13. Qc2 Rfd8 14. c5 Nd7 15. Nf3 f6 16. Qb2 e5
17. b4 Qa4 18. Bc3 a5 19. bxa5 Nxc5 20. Nd2 Ne6 21. Nb1 d4
22. Bd2 Bxg2 23. Kxg2 Qd7 24. Qb3 Qd5+ 25. f3 f5 26. Rfd1 h6
27. Be1 Qxb3 28. axb3 Rdc8 29. Kf1 Nc7 30. Nd2 Rxa5 31. f4
exf4 32. Nf3 Rc5 33. b4 Rxc1 34. Rxc1 Bd6 35. Nxd4 Rf8 36. Rd1
fxg3 37. hxg3 Rf6 38. Nf3 Re6 39. Nh4 g6 40. Nf3 Kf7 41. b5
Ke7 42. Bf2 Re4 43. b6 Nb5 44. Rd3 Rc4 45. Nh4 Rg4 46. Kg2 Kd7
47. Kh3 Ke6 48. e4 Rxe4 49. Nxg6 Na3 50. Be3 Nc4 51. Bxh6 Nxb6
52. Rb3 Rb4 53. Nf4+ Kf7 54. Rxb4 Bxb4 55. g4 fxg4+ 1/2-1/2

[Event "Biel"]
[Site "Biel SUI"]
[Date "2017.07.26"]
[EventDate "2017.07.23"]
[Round "3"]
[Result "1/2-1/2"]
[White "Alexander Morozevich"]
[Black "Pentala Harikrishna"]
[WhiteElo "2675"]
[BlackElo "2737"]
[PlyCount "81"]

1. d4 Nf6 2. c4 e6 3. Nc3 Bb4 4. Qc2 d5 5. a3 Bxc3+ 6. Qxc3
Ne4 7. Qc2 c5 8. dxc5 Nc6 9. cxd5 exd5 10. e3 Qf6 11. f3 Qh4+
12. g3 Nxg3 13. Qf2 Nf5 14. Qxh4 Nxh4 15. b4 a5 16. b5 Ne5
17. Kf2 O-O 18. Bb2 f6 19. Rd1 Be6 20. Ne2 Nexf3 21. Nf4 Bf7
22. Nxd5 Rfd8 23. e4 Ng5 24. Bd3 f5 25. Nb6 fxe4 26. Be2 Rf8
27. Nxa8 Bc4+ 28. Ke3 Ng2+ 29. Kd2 e3+ 30. Kc1 Bxe2 31. Rd7
Ne6 32. Nc7 Bxb5 33. Nxb5 e2 34. Kd2 Rf1 35. Kxe2 Rxh1
36. Rxb7 Ngf4+ 37. Kf3 Rf1+ 38. Ke3 Re1+ 39. Kf3 Rf1+ 40. Ke3
Re1+ 41. Kf3 1/2-1/2

[Event "Biel"]
[Site "Biel SUI"]
[Date "2017.07.27"]
[EventDate "2017.07.23"]
[Round "4"]
[Result "1-0"]
[White "Pentala Harikrishna"]
[Black "Noel Studer"]
[WhiteElo "2737"]
[BlackElo "2493"]
[PlyCount "47"]

1. e4 e6 2. d4 d5 3. Nc3 Nf6 4. e5 Nfd7 5. f4 c5 6. Nf3 Nc6
7. Be3 a6 8. Qd2 b5 9. Nd1 Qb6 10. c3 a5 11. Bd3 b4 12. O-O
Ba6 13. Bxa6 Qxa6 14. f5 exf5 15. Bf4 bxc3 16. Nxc3 Nb6 17. a4
Nd8 18. Nb5 Ne6 19. Ng5 Qc8 20. g4 fxg4 21. Be3 Nxg5 22. Bxg5
Qd7 23. Rae1 Nc8 24. Qf4 1-0

[Event "Biel"]
[Site "Biel SUI"]
[Date "2017.07.28"]
[EventDate "2017.07.23"]
[Round "5"]
[Result "1/2-1/2"]
[White "Peter Leko"]
[Black "Pentala Harikrishna"]
[WhiteElo "2678"]
[BlackElo "2737"]
[PlyCount "113"]

1. e4 e5 2. Nf3 Nc6 3. Bb5 a6 4. Ba4 Nf6 5. O-O Be7 6. Re1 b5
7. Bb3 O-O 8. a4 b4 9. d4 d6 10. dxe5 dxe5 11. Nbd2 Bc5 12. a5
h6 13. Qe2 Qe7 14. Bc4 Nd4 15. Nxd4 Bxd4 16. Nf3 Bc5 17. Be3
Bb7 18. Nd2 Bxe3 19. Qxe3 Rfd8 20. Bd3 Bc8 21. Nc4 Nh5 22. Bf1
Bd7 23. Nd2 Nf6 24. h3 Be6 25. Nf3 Qd6 26. Re2 b3 27. Rd2 Qb4
28. Rxd8+ Rxd8 29. cxb3 Qd6 30. Qc3 Nxe4 31. Qxe5 Qxe5
32. Nxe5 Nd2 33. Bxa6 Nxb3 34. Ra3 Ra8 35. Bc4 Rxa5 36. Bxe6
fxe6 37. Rxa5 Nxa5 38. f4 Kf8 39. Kf2 Ke7 40. b4 Nb7 41. Ke3
Nd6 42. g4 Nb5 43. Kd3 Kd6 44. Nc4+ Kd5 45. Ne3+ Kd6 46. f5 c5
47. bxc5+ Kxc5 48. fxe6 Kd6 49. Nf5+ Kxe6 50. Nxg7+ Kf6
51. Nh5+ Kg5 52. Ke4 Kh4 53. Kf5 Nd6+ 54. Kg6 Kxh3 55. Nf6 Ne4
56. Nxe4 Kxg4 57. Kxh6 1/2-1/2

[Event "Biel"]
[Site "Biel SUI"]
[Date "2017.07.30"]
[EventDate "2017.07.23"]
[Round "6"]
[Result "1-0"]
[White "Pentala Harikrishna"]
[Black "Yifan Hou"]
[WhiteElo "2737"]
[BlackElo "2666"]
[PlyCount "103"]

1. c4 c5 2. Nf3 Nc6 3. d4 cxd4 4. Nxd4 g6 5. e4 Nf6 6. Nc3 d6
7. Be2 Nxd4 8. Qxd4 Bg7 9. Be3 O-O 10. Qd2 a5 11. O-O a4
12. Rad1 Qa5 13. Bd4 Be6 14. Qe3 Nd7 15. Nd5 Rfe8 16. h4 Bxd5
17. cxd5 Bxd4 18. Rxd4 Qb6 19. Qd2 Rec8 20. Bg4 Rc7 21. Rb4
Qa5 22. Bxd7 Rxd7 23. Rc1 Rc7 24. Rxc7 Qxc7 25. a3 Qd7 26. Qd1
b5 27. Qe2 Ra5 28. g3 h5 29. Kg2 Kh7 30. Qf3 Kg8 31. Qc3 Ra7
32. Qd3 Ra5 33. Qf1 Kg7 34. Qd1 Qc7 35. Qd3 Qc5 36. Qe2 Kf8
37. g4 hxg4 38. Qxg4 Ra8 39. h5 Kg7 40. hxg6 fxg6 41. Qd7 Rf8
42. Qxe7+ Rf7 43. Qh4 g5 44. Qg3 Kg6 45. Qe3 Qc8 46. e5 dxe5
47. Qxe5 Qc2 48. Qe3 Rf6 49. Rd4 Kf7 50. Re4 Qc8 51. Qxg5 Qc5
52. Qh5+ 1-0

[Event "Biel"]
[Site "Biel SUI"]
[Date "2017.07.31"]
[EventDate "2017.07.23"]
[Round "7"]
[Result "1/2-1/2"]
[White "David Navara"]
[Black "Pentala Harikrishna"]
[WhiteElo "2737"]
[BlackElo "2737"]
[PlyCount "48"]

1. e4 e6 2. d4 d5 3. Nd2 c5 4. Ngf3 cxd4 5. exd5 Qxd5 6. Bc4
Qd8 7. O-O Nc6 8. Nb3 a6 9. Nbxd4 Nxd4 10. Nxd4 Qc7 11. Bb3
Bd6 12. Qh5 Nf6 13. Qh4 Bd7 14. Bg5 O-O-O 15. Rad1 h6 16. Bxf6
gxf6 17. Rd3 Kb8 18. Rfd1 Be5 19. c3 Rdg8 20. Qh5 Rg5 21. Qh3
Rgg8 22. Qh5 Rg5 23. Qh3 Rgg8 24. Qh5 Rg5 1/2-1/2

[Event "Biel"]
[Site "Biel SUI"]
[Date "2017.08.01"]
[EventDate "2017.07.24"]
[Round "8.1"]
[Result "0-1"]
[White "Ruslan Ponomariov"]
[Black "Pentala Harikrishna"]
[WhiteElo "2699"]
[BlackElo "2737"]
[PlyCount "116"]

1. e4 e6 2. d4 d5 3. Nd2 c5 4. Ngf3 Nc6 5. exd5 exd5 6. Bb5
Qe7+ 7. Qe2 Qxe2+ 8. Kxe2 a6 9. Bxc6+ bxc6 10. Re1 f6 11. dxc5
Bxc5 12. Nb3 Bd6 13. Be3 a5 14. Bc5 Kd7 15. Bb6 Rb8 16. Nc5+
Ke8 17. Kd2+ Kf7 18. Na4 Ne7 19. b3 Bg4 20. Ba7 Rb7 21. Bc5
Bf4+ 22. Be3 Bxf3 23. Bxf4 Bxg2 24. Nc5 Ra7 25. Rg1 Bh3
26. Rg3 Bf5 27. Re1 Rd8 28. Rc3 g5 29. Bg3 Ng6 30. Na4 h5
31. Rxc6 h4 32. Bd6 Rad7 33. Bc5 Ne5 34. Rxe5 fxe5 35. Nb6 Rb7
36. Be3 Be6 37. Bxg5 Rh8 38. Na4 Rbb8 39. Nc5 Rbe8 40. Nd3 Kg6
41. f4 exf4 42. Bxf4 Kf5 43. c4 Rhg8 44. cxd5 Bxd5 45. Rc5
Rg2+ 46. Kc3 Ke4 47. Rc7 Rxa2 48. Bd6 Be6 49. Rh7 Kd5 50. Bc7
Bf5 51. Rxh4 Re3 52. Rd4+ Kc6 53. Bg3 a4 54. Rd6+ Kb7 55. Rd5
Rxd3+ 56. Rxd3 Bxd3 57. Kxd3 a3 58. Be5 Rg2 0-1

[Event "Biel"]
[Site "Biel SUI"]
[Date "2017.08.02"]
[EventDate "2017.07.23"]
[Round "9"]
[Result "0-1"]
[White "Pentala Harikrishna"]
[Black "Etienne Bacrot"]
[WhiteElo "2737"]
[BlackElo "2715"]
[PlyCount "58"]

1. e4 e5 2. Nf3 Nc6 3. Bc4 Bc5 4. c3 Nf6 5. d3 a6 6. O-O d6
7. a4 Ba7 8. Re1 O-O 9. h3 Ne7 10. Nbd2 Ng6 11. Nf1 c6 12. Bb3
d5 13. Ng3 Be6 14. exd5 Nxd5 15. d4 exd4 16. Nxd4 Qc7 17. Bxd5
Bxd5 18. Ndf5 Rad8 19. Qg4 Be6 20. Be3 Bb8 21. Bc5 Bxf5
22. Nxf5 Qh2+ 23. Kf1 Rd2 24. f4 h5 25. Qf3 Qh1+ 26. Bg1 Ba7
27. Re3 Bxe3 28. Nxe3 Re8 29. Nc4 Rc2 0-1

[Event "World Cup"]
[Site "Tbilisi GEO"]
[Date "2017.09.04"]
[EventDate "2017.09.03"]
[Round "1.2"]
[Result "1-0"]
[White "Pentala Harikrishna"]
[Black "Yuri Gonzalez Vidal"]
[WhiteElo "2743"]
[BlackElo "2543"]
[PlyCount "81"]

1. e4 e5 2. Nf3 Nc6 3. Bb5 a6 4. Ba4 Nf6 5. O-O Be7 6. Re1 b5
7. Bb3 d6 8. c3 O-O 9. h3 Nb8 10. d4 Nbd7 11. Nbd2 Bb7 12. Bc2
Re8 13. Nf1 Bf8 14. Ng3 g6 15. b3 Bg7 16. d5 Rc8 17. c4 c6
18. Bg5 h6 19. Bd2 a5 20. Be3 Ba6 21. Qd2 Kh7 22. dxc6 Rxc6
23. cxb5 Bxb5 24. Rac1 Bf8 25. a4 Ba6 26. b4 axb4 27. Bb3 Rxc1
28. Rxc1 d5 29. Bxd5 Qe7 30. Bb3 Rc8 31. Rxc8 Bxc8 32. Qd3 Bb7
33. a5 Kg8 34. a6 Ba8 35. a7 Qe8 36. Qc4 Kg7 37. Qc7 Kh7
38. Ba4 Kg7 39. Nd2 Be7 40. Bc6 Kh7 41. Bb7 1-0

[Event "World Cup"]
[Site "Tbilisi GEO"]
[Date "2017.09.05"]
[EventDate "2017.09.03"]
[Round "1.3"]
[Result "1/2-1/2"]
[White "Yuri Gonzalez Vidal"]
[Black "Pentala Harikrishna"]
[WhiteElo "2543"]
[BlackElo "2743"]
[PlyCount "160"]

1. e4 e6 2. d4 d5 3. Nd2 c5 4. Ngf3 cxd4 5. exd5 Qxd5 6. Bc4
Qd8 7. O-O a6 8. Nb3 Nc6 9. Nbxd4 Nxd4 10. Nxd4 Qc7 11. Bd3
Nf6 12. Re1 Bd7 13. Qf3 O-O-O 14. Bf4 Bd6 15. Bxd6 Qxd6 16. c3
Qc7 17. Qe2 Rhe8 18. Qe5 h6 19. h3 Qxe5 20. Rxe5 Kc7 21. Bc4
Bc6 22. Nxc6 Kxc6 23. Re2 Rd6 24. g3 Red8 25. Kg2 Nd7 26. Bb3
Nc5 27. Bc2 Kc7 28. Rae1 Rd2 29. Kf3 R8d6 30. Rxd2 Rxd2
31. Re2 Rd6 32. Ke3 Rb6 33. b4 Nd7 34. Bb3 a5 35. a3 Ra6
36. Kd4 axb4 37. axb4 Ra1 38. c4 Rb1 39. Kc3 g5 40. Re3 Rf1
41. Rf3 f5 42. c5 Nf8 43. b5 Nd7 44. b6+ Kd8 45. Bxe6 Nxc5
46. Bxf5 Na4+ 47. Kd4 Nxb6 48. Be4 Rd1+ 49. Kc3 Nd5+ 50. Kc4
b5+ 51. Kxb5 Ke7 52. Kc4 Nf6 53. Bf5 Rd2 54. Kc3 Rd5 55. Re3+
Kf8 56. Bc2 Rd6 57. Bb3 Nd5+ 58. Bxd5 Rxd5 59. Rd3 Rf5 60. Rd2
Kg7 61. Kd3 Re5 62. Re2 Ra5 63. Ke4 h5 64. Rb2 Ra4+ 65. Kf5
Ra5+ 66. Ke4 Ra4+ 67. Ke3 Ra3+ 68. Ke2 h4 69. Rb7+ Kg6
70. Rb6+ Kg7 71. Rb7+ Kg6 72. Rb6+ Kg7 73. Rb5 Kg6 74. Rb6+
Kg7 75. gxh4 gxh4 76. f3 Ra2+ 77. Ke3 Rh2 78. Kf4 Rxh3 79. Kg4
Rg3+ 80. Kxh4 Rxf3 1/2-1/2

[Event "World Cup"]
[Site "Tbilisi GEO"]
[Date "2017.09.05"]
[EventDate "2017.09.03"]
[Round "1.4"]
[Result "1/2-1/2"]
[White "Pentala Harikrishna"]
[Black "Yuri Gonzalez Vidal"]
[WhiteElo "2743"]
[BlackElo "2543"]
[PlyCount "176"]

1. e4 e5 2. Nf3 Nc6 3. Bc4 Nf6 4. d3 Be7 5. O-O O-O 6. Re1 d6
7. a4 Na5 8. Ba2 c5 9. c3 Nc6 10. Na3 h6 11. h3 Re8 12. Bd2 a6
13. Nc4 Be6 14. Ne3 Bxa2 15. Rxa2 d5 16. exd5 Nxd5 17. Ng4 Nf4
18. Bxf4 exf4 19. Ra1 Qd5 20. Nge5 Rad8 21. Nxc6 Qxc6 22. Qc2
Bd6 23. Rxe8+ Rxe8 24. Re1 Rxe1+ 25. Nxe1 Qd5 26. b3 Be5
27. Nf3 Bf6 28. Kf1 Kf8 29. d4 cxd4 30. cxd4 Ke7 31. Qc4 Kd6
32. Ke2 h5 33. Kd3 b5 34. axb5 axb5 35. Qc3 Qf5+ 36. Kd2 Qd5
37. h4 g6 38. Ke2 Qe4+ 39. Kd2 Qd5 40. Qb4+ Ke6 41. Qc3 Kd6
42. Qd3 Bd8 43. Ke2 Bf6 44. Kf1 Ke7 45. Qc3 Kd6 46. Kg1 Kd7
47. Kh2 Kd6 48. Kh1 Kd7 49. Kg1 Kd6 50. Kf1 Kd7 51. b4 Qc4+
52. Qxc4 bxc4 53. Ke2 Kc6 54. Kd2 Kb5 55. Kc3 Be7 56. Ne5
Bxb4+ 57. Kc2 Be1 58. Nxf7 Bxf2 59. Ne5 Bxh4 60. Nxg6 Bg3
61. Ne5 Bf2 62. Kc3 Be1+ 63. Kc2 Ba5 64. Ng6 Bc7 65. Kc3 Bd6
66. Nh4 Bb4+ 67. Kc2 Kc6 68. Ng6 Bd6 69. Kd2 Kd5 70. Kc3 f3
71. gxf3 Bg3 72. Ne7+ Ke6 73. Ng6 Kf6 74. Kxc4 Kxg6 75. Kd3 h4
76. Ke2 h3 77. Kf1 Bh2 78. f4 Kf5 79. d5 Kf6 80. Kf2 Kf5
81. Kf1 Kf6 82. Kf2 Kg6 83. Kf1 Kf5 84. Kf2 Kxf4 85. d6 Kg4
86. d7 Bc7 87. Kg1 Kf5 88. Kh1 Ke6 1/2-1/2

[Event "World Cup"]
[Site "Tbilisi GEO"]
[Date "2017.09.05"]
[EventDate "2017.09.03"]
[Round "1.5"]
[Result "1/2-1/2"]
[White "Yuri Gonzalez Vidal"]
[Black "Pentala Harikrishna"]
[WhiteElo "2543"]
[BlackElo "2743"]
[PlyCount "92"]

1. e4 e6 2. d4 d5 3. Nd2 c5 4. Ngf3 Nc6 5. exd5 exd5 6. Bb5
Qe7+ 7. Be2 Qc7 8. O-O Nf6 9. Re1 Be7 10. dxc5 Bxc5 11. Nb3
Be7 12. h3 h6 13. Bd3 O-O 14. c3 Re8 15. Bc2 Bd7 16. Be3 Rad8
17. Bc5 Bxc5 18. Nxc5 Rxe1+ 19. Qxe1 d4 20. Nxd7 Rxd7 21. cxd4
Nxd4 22. Nxd4 Rxd4 23. Bb3 Re4 24. Qd2 Qe7 25. Rc1 g5 26. Rc8+
Kg7 27. Qc3 Re1+ 28. Kh2 Qd6+ 29. g3 Re7 30. Kg2 Qd7 31. Rc5
Qd6 32. Rf5 Rd7 33. Qf3 Rc7 34. Qe3 Qc6+ 35. Kh2 Qe4 36. Qxe4
Nxe4 37. Kg2 b6 38. Re5 Nc5 39. Bc2 Kf6 40. Re3 Ne6 41. Rf3+
Kg7 42. Be4 Nc5 43. Bc2 Rd7 44. b4 Rd2 45. bxc5 Rxc2 46. cxb6
axb6 1/2-1/2

[Event "World Cup"]
[Site "Tbilisi GEO"]
[Date "2017.09.05"]
[EventDate "2017.09.03"]
[Round "1.6"]
[Result "1-0"]
[White "Pentala Harikrishna"]
[Black "Yuri Gonzalez Vidal"]
[WhiteElo "2743"]
[BlackElo "2543"]
[PlyCount "91"]

1. e4 e5 2. Nf3 Nc6 3. Bb5 a6 4. Ba4 Nf6 5. O-O Be7 6. Re1 b5
7. Bb3 d6 8. c3 O-O 9. h3 Nb8 10. d4 Nbd7 11. Nbd2 c5 12. Nf1
Re8 13. Ng3 Bf8 14. Bc2 cxd4 15. cxd4 exd4 16. Nxd4 Bb7
17. Bf4 g6 18. a4 bxa4 19. Bxa4 Nxe4 20. Bc6 Bxc6 21. Nxc6 Qf6
22. Rxe4 Rxe4 23. Nxe4 Qxf4 24. Ra4 Rc8 25. g3 Qh6 26. Rc4 Re8
27. Kg2 Qg7 28. Nxd6 Re6 29. Nf5 gxf5 30. Qxd7 Qxb2 31. Nd4
Rf6 32. Nxf5 Qb5 33. Rg4+ Rg6 34. Qc8 Qd5+ 35. Kg1 Qe6
36. Nh6+ Kg7 37. Nf5+ Kg8 38. Nh6+ Kg7 39. Qc3+ f6 40. Qc7+
Be7 41. Nf5+ Qxf5 42. Qxe7+ Kg8 43. Rb4 Qe5 44. Qd8+ Kg7
45. Rb7+ Kh6 46. Qf8+ 1-0

[Event "World Cup"]
[Site "Tbilisi GEO"]
[Date "2017.09.08"]
[EventDate "2017.09.03"]
[Round "2.3"]
[Result "1/2-1/2"]
[White "Sethuraman P Sethuraman"]
[Black "Pentala Harikrishna"]
[WhiteElo "2617"]
[BlackElo "2741"]
[PlyCount "115"]

1. e4 e6 2. d4 d5 3. Nc3 Bb4 4. e5 c5 5. a3 Bxc3+ 6. bxc3 Qa5
7. Bd2 Qa4 8. Qb1 c4 9. Nh3 Nc6 10. Nf4 Bd7 11. Be2 O-O-O
12. O-O f6 13. Re1 fxe5 14. dxe5 Nxe5 15. Bh5 Nc6 16. Bf7 Nf6
17. Nxe6 Bxe6 18. Bxe6+ Kb8 19. f3 Qa5 20. Qb2 Qc7 21. Rab1 b6
22. Be3 Rhe8 23. Bf2 Nh5 24. Qb5 Nf4 25. Bg3 g5 26. Bxf4 gxf4
27. Bxd5 Rxe1+ 28. Rxe1 Na5 29. Be4 h6 30. Qf5 Nb7 31. h4 Qc5+
32. Kh2 Qxf5 33. Bxf5 Nc5 34. Re7 Na4 35. Re4 b5 36. Rxf4 Rf8
37. g4 Nxc3 38. Rd4 a5 39. Rd6 Kb7 40. Kg3 a4 41. Be6 Kc7
42. Rd7+ Kc6 43. Ra7 Ne2+ 44. Kf2 Nd4 45. Bf5 Nxf5 46. gxf5
Rxf5 47. Ra6+ Kd5 48. c3 h5 49. Rg6 Re5 50. f4 Re4 51. Rg5+
Kd6 52. Rxh5 Rxf4+ 53. Ke3 Rg4 54. Rxb5 Rxh4 55. Ra5 Rh3+
56. Kd4 Rh4+ 57. Ke3 Rh3+ 58. Ke4 1/2-1/2

[Event "IMSA Elite Mind Games (Rapid)"]
[Site "?"]
[Date "2017.12.10"]
[EventDate "?"]
[Round "3.5"]
[Result "1/2-1/2"]
[White "Pentala Harikrishna"]
[Black "Rauf Mamedov"]
[WhiteElo "2687"]
[BlackElo "2695"]
[PlyCount "155"]

1. d4 Nf6 2. Nf3 g6 3. Bg5 Bg7 4. Nbd2 O-O 5. c3 d6 6. e4 c5
7. dxc5 dxc5 8. Bc4 Nc6 9. Qe2 Qc7 10. O-O Nh5 11. Qe3 b6
12. Rfe1 Nf6 13. h3 Nd7 14. Bf4 e5 15. Bh6 Ne7 16. Nf1 a6
17. a4 Rb8 18. Bg5 Nc6 19. Qe2 h6 20. Bh4 Qb7 21. Bd5 Qc7
22. Bc4 Qb7 23. Ne3 b5 24. axb5 axb5 25. Bd5 Qc7 26. Bxc6 Qxc6
27. Nd5 Kh7 28. Red1 Re8 29. Ne7 Qc7 30. c4 Nb6 31. Nxc8 Nxc8
32. cxb5 Nd6 33. Rac1 Qb6 34. b4 cxb4 35. Qa2 Nxb5 36. Qxf7
Qe6 37. Qxe6 Rxe6 38. Rc4 Na3 39. Rc7 Kg8 40. Rdd7 Bf8 41. Bg3
b3 42. Bxe5 Rxe5 43. Nxe5 b2 44. Rb7 b1=Q+ 45. Rxb1 Rxb1+
46. Kh2 Rb6 47. Rd8 Rf6 48. Ng4 Re6 49. e5 Kg7 50. f4 Be7
51. Rd7 Nc4 52. Nf6 Kf7 53. Nd5 Nb6 54. Rxe7+ Rxe7 55. Nxb6
Ke6 56. Nc4 Rb7 57. Ne3 Rb3 58. Ng4 h5 59. Nf6 h4 60. Kg1 Kf5
61. Kf2 Ra3 62. Nd5 Ra5 63. Ne7+ Kxf4 64. Nxg6+ Kg5 65. Ne7
Rxe5 66. Nc6 Re4 67. Kf3 Kf5 68. g4+ hxg3 69. Kxg3 Ke6 70. Kf3
Kd5 71. h4 Re1 72. Nb4+ Kc4 73. Nc2 Rh1 74. Ne3+ Kd4 75. Nf5+
Ke5 76. Kg4 Ra1 77. Ng3 Rg1 78. Kf3 1/2-1/2

[Event "IMSA Elite Mind Games (Rapid)"]
[Site "?"]
[Date "2017.12.11"]
[EventDate "?"]
[Round "5.5"]
[Result "1-0"]
[White "Pentala Harikrishna"]
[Black "Anton Korobov"]
[WhiteElo "2687"]
[BlackElo "2765"]
[PlyCount "104"]

1. e4 c5 2. Nf3 d6 3. d4 cxd4 4. Nxd4 Nf6 5. Nc3 a6 6. Be2 e5
7. Nf3 Be7 8. Bg5 Nbd7 9. a4 O-O 10. O-O b6 11. Bc4 Bb7
12. Qe2 Nxe4 13. Nxe4 Bxe4 14. Qxe4 Bxg5 15. Bxf7+ Kxf7
16. Qd5+ Kg6 17. Qxd6+ Bf6 18. Qd3+ Kf7 19. Rad1 Ra7 20. Qb3+
Kg6 21. Rd6 h5 22. Qd3+ Kh6 23. Rd1 Qe8 24. Rxd7 Rxd7 25. Qxd7
e4 26. Qxe8 Rxe8 27. Nd4 Rc8 28. Nf5+ Kg6 29. Ne3 Bxb2
30. Rd6+ Kf7 31. Kf1 Bc1 32. Nf5 g6 33. Nd4 Rc4 34. Ne2 Ba3
35. Rxb6 Rxa4 36. Rb7+ Kf6 37. Rb6+ Kf7 38. Nf4 Rb4 39. Rxa6
Rb1+ 40. Ke2 Bb4 41. Ke3 Re1+ 42. Kd4 Rf1 43. Nd5 Rd1+
44. Kxe4 Bc5 45. Rc6 Rd4+ 46. Ke5 Rc4 47. Rc7+ Ke8 48. c3 Kd8
49. f3 Rxc3 50. Nxc3 Kxc7 51. Ne4 Be7 52. Ke6 Kd8 1-0